Compendio de historia del derecho internacional / (Record no. 126780)

MARC details
000 -LEADER
campo de control de longitud fija 00708nam a2200205 i 4500
001 - NÚMERO DE CONTROL
campo de control 126780
003 - IDENTIFICADOR DE NÚMERO DE CONTROL
campo de control ES-MaACL
005 - FECHA Y HORA DE LA ÚLTIMA TRANSACCIÓN
campo de control 20251010183234.0
007 - CAMPO FIJO DE DESCRIPCIÓN FÍSICA--INFORMACIÓN GENERAL
campo de control de longitud fija t|
008 - DATOS DE LONGITUD FIJA--INFORMACIÓN GENERAL
campo de control de longitud fija 070214s1909 sp r ||||1| spa d
100 1# - ENTRADA PRINCIPAL--NOMBRE DE PERSONA
Nombre de persona Retortillo y Tornos, Alfonso.
9 (RLIN) 96367
245 10 - MENCIÓN DEL TÍTULO
Título Compendio de historia del derecho internacional /
Mención de responsabilidad, etc. por Alfonso Retortillo y Tornos ; precedido de una carta-prólogo del Excmo. Sr. D. Rafael Conde y Luque.
250 ## - MENCION DE EDICION
Mención de edición 2ª ed.
260 ## - PUBLICACIÓN, DISTRIBUCIÓN, ETC.
Lugar de publicación, distribución, etc. Madrid :
Nombre del editor, distribuidor, etc. Fortanet,
Fecha de publicación, distribución, etc. 1909.
300 ## - DESCRIPCIÓN FÍSICA
Extensión 248 p. ;
Dimensiones 19 x 12 cm.
650 04 - PUNTO DE ACCESO ADICIONAL DE MATERIA--TÉRMINO DE MATERIA
Término de materia o nombre geográfico como elemento de entrada Derecho internacional-
Subdivisión general Historia.
9 (RLIN) 11719
700 1# - ENTRADA AGREGADA--NOMBRE PERSONAL
Nombre de persona Conde y Luque, Rafael,
Fechas asociadas al nombre 1835-1922
9 (RLIN) 40134
852 ## - LOCALIZACIÓN
Ubicación ES-MaACL
Número de control de estantería B-6458
Holdings
Estatus retirado Estado de pérdida Estado de daño No para préstamo Biblioteca de origen Biblioteca actual Ubicación en estantería Fecha de adquisición Fuente de adquisición Total de préstamos Signatura topográfica completa Código de barras Visto por última vez Precio de reemplazo Tipo de ítem Koha
        Biblioteca del Ateneo de Madrid Biblioteca del Ateneo de Madrid Sala Pardo Bazán 17/01/2008     B-6458 1132052 23/02/2023 23/02/2023 Libro impreso